MARC

LEADER 00000nam0a2200000 4500
001 46686
005 20231101211033.0
035 |a (RuTPU)RU\TPU\book\48732 
090 |a 46686 
100 |a 20030124d1974 k y0rusy50 ca 
101 0 |a rus 
102 |a RU 
105 |a a z 001zy 
200 1 |a Свойства и структура воды  |f Г. Н. Зацепина 
210 |a Москва  |c Изд-во МГУ  |d 1974 
215 |a 167 с.  |c ил. 
320 |a Библиогр.: с. 161-165. 
606 1 |a Вода  |x Химия  |2 stltpush  |3 (RuTPU)RU\TPU\subj\2700  |9 31233 
610 1 |a свойства 
610 1 |a структура 
610 1 |a пар 
610 1 |a лед 
610 1 |a жидкое состояние 
675 |a 546.21  |v 3 
675 |a 532.7  |v 3 
700 1 |a Зацепина  |b Г. Н.  |g Галина Николаевна 
801 1 |a RU  |b 63413507  |c 20030124  |g PSBO 
801 2 |a RU  |b 63413507  |c 20160122  |g PSBO 
942 |c BK